[Event "VIII Iberoamericano Mexico 2022"]
[Site "Mexico City"]
[Date "2022.02.19"]
[Round "8.48"]
[White "Limon Olmos, Ivan Alonso"]
[Black "Salazar Moreno, Rafael"]
[Result "1-0"]
[WhiteElo "2106"]
[BlackElo "1778"]
[Annotator "TA"]
[PlyCount "75"]
[EventDate "2022.02.12"]
[EventType "swiss"]
[EventCountry "MEX"]
[SourceTitle "playchess.com"]
[Source "ChessBase"]
[SourceQuality "1"]

{[%evp 12,75,24,29,38,16,36,22,47,13,39,7,57,12,14,2,49,0,0,-16,22,18,18,29,65,64,67,67,71,65,74,58,471,468,472,464,479,473,629,639,648,647,638,641,646,603,714,714,691,669,870,838,982,966,1784,1825,1795,1743,4766,2888,2783,2765,29986,29987,29986,29987]} 1. d4 d5 2. c4 e6 3. Nf3 Nf6 4. Nc3 a6 5. Bg5 Be7 6. e3 dxc4 7. Bxc4 b5 {D53: Queen's Gambit Declined: 4 Bg5 Be7: Early deviations.} 8. Bd3 Bb7 9. Bxf6 Bxf6 {The position is equal.} 10. Ne4 Nd7 11. Rc1 O-O (11... Be7 $11) 12. O-O (12. Nxf6+ $14 Nxf6 13. O-O) 12... Be7 $11 {[#]} 13. a4 $146 ({Predecessor:} 13. Qc2 Rc8 14. Ned2 g6 15. Be4 Bxe4 16. Nxe4 c5 17. Nxc5 Nxc5 18. dxc5 Rxc5 19. Qe2 {1-0 (44) Lopes,L (1575)-Pavao,W Florianopolis 2021}) 13... b4 (13... Rc8 $11 {deserves consideration.}) 14. Qc2 (14. Qe2 $14) 14... Rc8 (14... c5 $5) 15. Nc5 Nxc5 16. dxc5 ({But not} 16. Bxh7+ $2 Kh8 17. dxc5 Bxf3 18. gxf3 g6 $19) 16... Bxf3 17. gxf3 (17. Bxh7+ $2 Kh8 18. gxf3 g6 $19) 17... g6 18. Bxa6 {[#] Strongly threatening Rfd1.} Ra8 19. Bb5 $36 {[%mdl 2048] Black is under pressure. White is more active.} Qd5 20. f4 b3 21. Qe2 Bxc5 $2 {[%mdl 8192] A mistake that costs the game.} (21... Rfd8 $14) 22. Rfd1 $18 Qf5 23. e4 Bxf2+ 24. Qxf2 ({Not} 24. Kxf2 Qxf4+ 25. Kg1 Rad8 $18) 24... Qxe4 25. Bc6 Qf5 26. Bxa8 Rxa8 27. Rd4 e5 {[#]} 28. Qg2 $1 {[%mdl 512]} exd4 (28... Ra7 29. fxe5) 29. Qxa8+ Kg7 30. Qf3 d3 31. Rd1 Qc5+ 32. Kh1 Qc2 33. Qxd3 Qc6+ 34. Kg1 {Black must now prevent Qc3+.} Kg8 35. Qxb3 Qc5+ 36. Kf1 Qc6 37. Rd8+ Kg7 38. Qc3+ {Weighted Error Value: White=0.15 (very precise) /Black=0.65} 1-0

[Event "VIII Iberoamericano Mexico 2022"]
[Site "Mexico City"]
[Date "2022.02.19"]
[Round "8.49"]
[White "Santiago Gonzalez, Frida"]
[Black "Gutierrez Herrera, Jose Antonio"]
[Result "0-1"]
[WhiteElo "1758"]
[BlackElo "2059"]
[Annotator "TA"]
[PlyCount "118"]
[EventDate "2022.02.12"]
[EventType "swiss"]
[EventCountry "MEX"]
[SourceTitle "playchess.com"]
[Source "ChessBase"]
[SourceQuality "1"]

{[%evp 15,118,-10,-9,-6,-6,-3,-12,-23,-11,-16,-15,-14,-10,-14,5,-14,0,0,-12,-41,0,-40,-48,-56,-47,-57,-46,-66,-66,-89,-34,-86,-77,-85,-91,-95,-95,-82,-84,-91,-79,-120,-91,-145,-145,-141,-105,-196,-137,-214,-141,-127,-139,-131,0,-113,-106,-79,0,-97,0,-129,-116,-278,-273,-265,-268,-261,-204,-266,-257,-254,-253,-389,-375,-377,-372,-370,-335,-334,-326,-644,-617,-557,-288,-29966,-29969,-29964,-29967,-29958,-9374,-5722,-3926,-29973,-29973,-29987,-29988,-29987,-29977,-29988,-29981,-29981,-29982,-29992,-29993]} 1. Nf3 Nf6 2. g3 c5 3. Bg2 g6 4. O-O Bg7 5. d3 O-O 6. e4 Nc6 7. Re1 d6 8. Nc3 e5 9. Bg5 {A05: Réti Opening: 1 Nf3 Nf6.} h6 10. Bxf6 Bxf6 11. Nd5 {The position is equal.} Bg7 12. a4 Be6 13. Nd2 {[#]} h5 $146 ({Predecessor:} 13... Ne7 14. Nc4 f5 15. Nxe7+ Qxe7 16. exf5 gxf5 17. Ne3 Qf7 18. c4 Rae8 19. Nd5 e4 20. dxe4 fxe4 {½-½ (31) Fritsche,F-Boehm,R GER email 2011}) 14. c3 b6 15. Nc4 Rb8 16. Nce3 Ne7 17. f4 Bxd5 (17... Nxd5 $15 {should be considered.} 18. exd5 Bc8) 18. Nxd5 Nxd5 19. exd5 {[%cal Of4f5]} exf4 20. gxf4 Qh4 21. Qf3 Bh6 22. f5 Rbe8 (22... Bf4 $17 23. h3 Rfe8) 23. Re4 (23. Rxe8 $15 Rxe8 24. fxg6 Re1+ 25. Rxe1 Qxe1+ 26. Qf1 Qe3+ 27. Kh1 fxg6 28. Be4) 23... Rxe4 $17 ({Much worse is} 23... Qg5 $6 24. Rf1 $11) 24. dxe4 Bf4 25. Qh3 Qxh3 {Black is more active.} 26. Bxh3 {[%mdl 4096] Endgame KRB-KRB} g5 {[%cal Bg6g5,Bg5g4][%mdl 32]} 27. Bf1 Kg7 28. Be2 ({Better is} 28. Bd3) 28... g4 29. Kg2 ({White should play} 29. Rf1 Be3+ 30. Kg2) 29... Re8 30. Bd3 Kf6 {[%cal Oc5c4]} 31. a5 (31. Re1 $17) 31... Rb8 (31... c4 $19 32. Bc2 bxa5) 32. a6 (32. axb6 $17 {keeps fighting.} Rxb6 33. Rb1) 32... Rg8 33. Bb5 Ke5 34. Re1 Kf6 (34... Bg5 $17 35. h3 Bh4) 35. Rf1 (35. Ra1 $1 $11) 35... Be5 36. Rc1 Bf4 37. Rf1 Ke5 38. Re1 $1 Bg5 39. Kg3 $2 {This costs White the game.} (39. f6 $17) 39... h4+ $19 40. Kg2 h3+ 41. Kh1 Bf4 42. Bf1 g3 43. Bxh3 gxh2 {Threatens to win with ...Rg3.} ({Weaker is} 43... Rh8 44. Bg2 $17) 44. Bg2 (44. f6 {was the only defense.}) 44... Rg3 45. Rf1 Rd3 46. Rb1 Rd2 47. Bf3 b5 48. Bg2 $2 (48. f6) 48... c4 49. Bf3 Rc2 50. Bg2 $2 {[#]} (50. f6 $19) 50... Rc1+ 51. Rxc1 Bxc1 52. Kxh2 Bxb2 {KB-KB} 53. Kg3 Bxc3 {[#] ( -> ...Be1+)} 54. Kf3 b4 {[%cal Bb5b4,Bb4b3][%mdl 32] Black mates.} 55. Ke2 b3 56. Kd1 f6 57. Bf3 Bb4 58. Be2 c3 {[%cal Bc4c3,Bc3c2][%mdl 32]} 59. Bc4 c2+ {Weighted Error Value: White=0.52/Black=0.20 (precise)} 0-1

[Event "VIII Iberoamericano Mexico 2022"]
[Site "Mexico City"]
[Date "2022.02.18"]
[Round "8.50"]
[White "Guerrero Rodriguez, Alejandra"]
[Black "Hernandez Martinez, Jeronimo"]
[Result "1-0"]
[WhiteElo "2019"]
[BlackElo "1747"]
[Annotator "ChessBase"]
[PlyCount "23"]
[EventDate "2022.02.12"]
[EventType "swiss"]
[EventCountry "MEX"]
[SourceTitle "playchess.com"]
[Source "ChessBase"]
[SourceQuality "1"]
[TimeControl "5400+30"]

1. e4 {[%emt 0:00:02]} e5 {[%emt 0:20:01]} 2. Nf3 {[%emt 0:00:23]} Nc6 {[%emt 0:01:06]} 3. Bb5 {[%emt 0:00:21]} a6 {[%emt 0:00:21]} 4. Ba4 {[%emt 0:00:07]} Nf6 {[%emt 0:00:17]} 5. O-O {[%emt 0:00:09]} b5 {[%emt 0:00:16]} 6. Bb3 {[%emt 0:00:08]} Bc5 {[%emt 0:01:14]} 7. a4 {[%emt 0:00:08]} Rb8 {[%emt 0:01:21]} 8. c3 {[%emt 0:00:33]} O-O {[%emt 0:01:59]} 9. d4 {[%emt 0:01:26]} exd4 {[%emt 0:01:41]} 10. e5 {[%emt 0:00:56]} Ne4 {[%emt 0:02:19]} 11. cxd4 {[%emt 0:00:36]} Bb4 {[%emt 0:01:09]} 12. Bd5 {[%emt 0:02:25]} 1-0

[Event "VIII Iberoamericano Mexico 2022"]
[Site "Mexico City"]
[Date "2022.02.19"]
[Round "8.51"]
[White "Amezcua Luria, Jesus"]
[Black "Munoz Ricardo, Wasdin Antonio"]
[Result "1-0"]
[WhiteElo "2001"]
[BlackElo "1745"]
[Annotator "TA"]
[PlyCount "161"]
[EventDate "2022.02.12"]
[EventType "swiss"]
[EventCountry "MEX"]
[SourceTitle "playchess.com"]
[Source "ChessBase"]
[SourceQuality "1"]

{[%evp 19,161,56,48,39,43,20,49,5,12,16,15,12,20,6,21,0,9,8,16,8,13,0,0,0,13,14,22,12,20,12,70,77,101,101,77,34,25,18,20,17,14,15,20,19,40,7,8,-56,-54,-53,-54,-53,-16,-70,-75,-79,-10,-6,0,0,0,0,0,0,0,0,0,0,0,0,0,0,0,0,0,0,0,0,0,0,0,0,0,0,981,0,0,0,9,22,235,0,0,0,0,0,0,0,0,0,8,8,8,0,487,-8,-10,-17,-23,-249,-239,-212,-231,-206,-127,-2000,-622,-29967,-29968,-29952,-29967,-5065,-114,-345,-147,-679,-80,-73,-73,-80,-73,-132,0,0,495,446,552,487,29976,29977,29979,29980,29980,29977]} 1. d4 d5 2. c4 c6 3. Nf3 Nf6 4. Nc3 g6 5. Bf4 Bg7 6. e3 O-O 7. Be2 Nbd7 8. cxd5 Nxd5 9. Nxd5 cxd5 10. O-O Nf6 11. Rc1 {D93: Grünfeld: 4 Nf3 Bg7 5 Bf4 0-0 6 e3.} Qb6 12. b3 {[#]} Be6 $146 ({Predecessor:} 12... Qa5 13. Qd2 Qa3 14. Bd3 Be6 15. Rc7 b6 16. Ng5 Bg4 17. h3 Bc8 18. b4 Ne8 {1-0 (31) Sedova,E (1875)-Kozyrev,D (2195) Nizhnij Novgorod 2010}) 13. Ng5 (13. Bc7 $14 {deserves consideration.} Qb4 14. Ne5) 13... Rfc8 14. Nxe6 Qxe6 15. Qd2 Qb6 16. Bf3 e6 17. Rc2 (17. Rc3 {keeps more tension.} Ne8 18. Rfc1 Qd8 19. g3 Bf8 20. e4) 17... Ne8 {[%cal Bf6e8,Be8d6,Bd6f5][%mdl 32]} 18. Rfc1 Rxc2 19. Rxc2 Nd6 20. Qc1 Bf8 21. h4 {[%cal Bh2h4,Bh4h5][%mdl 32]} Qd8 22. h5 Nf5 23. Bg4 Ne7 24. Bg5 f5 (24... Rc8 $11) 25. Be2 $14 Qe8 26. hxg6 {White is more active.} (26. Rc7 {feels hotter.} Rc8 27. hxg6 hxg6 28. Bb5 Rxc7 29. Qxc7 Qxb5 30. Bxe7 Qd3 31. Kh2) 26... hxg6 27. Bf4 {A strong pair of Bishops.} (27. Rc7 $16) 27... Rc8 28. g3 Rxc2 29. Qxc2 Qc6 30. Qb1 Qc3 31. Kg2 Qd2 32. Bf3 (32. Bb5 $5 {[%cal Rb5d7]} Nc6 33. Qh1 $14) 32... Nc6 33. g4 {[#]} (33. a3 $11) 33... Nxd4 $1 $15 34. gxf5 (34. exd4 Qxf4) 34... Nxf5 35. Bg4 Bc5 {[%cal Rc5e3]} 36. Kf3 (36. Bxf5 $11 exf5 37. Qh1) 36... Qb4 37. Qd3 {[%cal Oa2a3]} Qe1 ({Black should try} 37... Kf7 $17) 38. Bxf5 $11 gxf5 39. Qb5 $1 {[%csl LRb7,LRc5]} Qd1+ 40. Kg2 {White wants to mate with Qe8+.} Qg4+ 41. Bg3 Qe4+ 42. Kh2 b6 43. Qe8+ Kg7 44. Qd7+ Kf6 45. Qxa7 d4 46. exd4 Qxd4 47. Qh7 Qg4 48. Qh8+ Ke7 49. Qe5 Qd4 50. Qc7+ Kf6 51. Qh7 Kg5 $2 {[%mdl 8192]} (51... Qg4 $11) 52. Qg8+ $2 (52. f4+ $18 Kg4 53. Qh3+ Kf3 54. Qg2+ Ke3 55. Bf2+ Kxf4 56. Bxd4 Bxd4 57. Qg3+ Ke4 58. Kg2) 52... Kf6 53. a3 e5 54. b4 Be7 (54... Bd6 $11) 55. Qh7 $2 ({White has to play} 55. f4 $1 $18 {[%cal Rg3h4]} Qd2+ 56. Kh3 exf4 57. Bh4+ Ke5 58. Qg7+ (58. Bxe7 Qe3+ 59. Kh2 Qe2+ 60. Kh1 Qf1+ 61. Qg1 Qh3+ 62. Qh2 Qf1+ 63. Qg1 Qh3+ 64. Qh2 Qf1+ 65. Qg1 $11) 58... Kd5 59. Qxe7 Qd3+ 60. Kh2) 55... Ke6 56. Qg6+ Bf6 57. Qg8+ Ke7 58. Qh7+ Ke6 59. Qg6 f4 60. Bh4 e4 $1 61. Qg4+ Kd5 $2 {[%mdl 8192]} (61... Kd6 $11 {and Black stays safe.}) 62. Qf5+ $2 (62. Qd7+ $18 Kc4 63. Qf7+ Kb5 64. Qxf6) 62... Be5 {Strongly threatening ...Kc4.} 63. Qf7+ Kc6 {Threatens to win with ...Kb5.} 64. Qe6+ $2 (64. Qe8+ $11 {and White has nothing to worry.} Kb7 65. b5) 64... Kb5 $1 $19 65. Qe8+ {[#]} Kc4 $1 66. Qc6+ Kb3 {Hoping for ...e3.} 67. Qc1 $2 {[%mdl 8192]} (67. a4 $17) 67... e3 (67... f3+ $142 68. Kg1 Qd7 69. Qb1+ Kxa3 70. Qc1+ Kb3 71. Qb1+ Ka3 72. Qc1+ Kb3 73. Qb1+ Ka3) 68. Kg2 Qd2 69. Qb1+ Kxa3 70. Qe4 {[#]} Qb2 $2 (70... e2 $1 $19 71. Qxe5 e1=Q 72. Qxe1 Qxe1) 71. b5 $2 (71. Kf3 $17) 71... e2 (71... Qxb5 72. fxe3 Qe2+ 73. Bf2 $17) (71... Bd4 $19 {[%cal Re3f2] and Black stays clearly on top.} 72. Qxf4 e2 73. Qf8+ (73. Qe4 $2 Qd2 $19) 73... Kb3 74. Qf7+ Kb4 75. Qe7+ Kc3 76. Qc7+ Kb3 77. Qf7+ Ka4 78. Qa7+ Kb3 79. Qf7+) 72. Kf3 $2 {[%mdl 8192]} (72. Be7+ $17 Kb3 73. Kf3) 72... Qb3+ $2 ({Weaker is} 72... e1=N+ 73. Qxe1 Qb3+ 74. Kg2 f3+ 75. Kg1 $17) (72... Qxb5 $19 {has better winning chances.} 73. Be7+ Kb3 74. Qxe2 Qxe2+ 75. Kxe2 Kc4) 73. Kxe2 $17 Qxb5+ 74. Kf3 Qb3+ 75. Kg4 (75. Kg2 $142 Qg8+ 76. Kf3 (76. Kf1 Qe6 $17) 76... Qb3+ 77. Kg2 Qg8+ 78. Kf3 (78. Kf1 Qe6 $17)) 75... Qb2 (75... Qe6+ $17 76. Kh5 b5 77. Qd3+ Ka4 78. Qc2+ Kb4) 76. Kf5 Bd6 $2 {[%mdl 8192]} (76... Bd4 $11 {and Black is okay.}) 77. Qd3+ $18 Ka2 78. Qxd6 {White threatens Qd5+ and mate.} f3 (78... Qc2+ $18 79. Kxf4 Qc4+ 80. Kg3 Qg8+ 81. Kf3 Qc4) 79. Qd5+ {White mates.} Qb3 80. Qxb3+ Kxb3 81. Ke4 {Weighted Error Value: White=0.33/Black=0.17 (very precise)} 1-0

[Event "VIII Iberoamericano Mexico 2022"]
[Site "Mexico City"]
[Date "2022.02.19"]
[Round "9.1"]
[White "Cori, Jorge"]
[Black "Santos Latasa, Jaime"]
[Result "1-0"]
[WhiteElo "2650"]
[BlackElo "2640"]
[Annotator "TA"]
[PlyCount "51"]
[EventDate "2022.02.12"]
[EventType "swiss"]
[EventCountry "MEX"]
[SourceTitle "playchess.com"]
[Source "ChessBase"]
[SourceQuality "1"]

{[%evp 9,51,14,0,2,7,0,0,0,0,0,0,24,40,22,28,17,72,15,45,47,57,42,54,37,33,29,26,0,22,17,186,197,445,444,1052,1048,29991,29992,29992,29993,29994,29981,29995,29996]} 1. c4 e6 2. Nc3 d5 3. e3 Nf6 4. Nf3 b6 5. b3 Bb7 6. Bb2 {A17: English Opening: 1...Nf6 with ...Bb4.} Nbd7 7. Be2 Bd6 8. cxd5 {The position is equal.} exd5 9. Nb5 Be7 10. Nbd4 c6 {[#] To avoid Bb5} 11. Rc1 $146 ({Predecessor:} 11. O-O g6 12. Rc1 Rc8 13. Ng5 O-O 14. f4 c5 15. Nf5 gxf5 16. Bd3 d4 17. Bxf5 {0-1 (36) Villiers,T (2161)-Cox,T (2141) Chess.com INT 2020}) 11... Rc8 12. h4 {[%cal Og2g4]} Ne4 (12... O-O $11 {remains equal.}) 13. Qc2 (13. Nf5 $16) 13... Nd6 14. Nf5 Nxf5 15. Qxf5 Bf6 16. d4 Be7 17. Ne5 {[%csl Ge5][%cal Rf5f7]} Nf6 18. h5 O-O 19. Bd3 c5 $2 {[#] A mistake that costs the game.} (19... Rc7 $11 {and Black has nothing to worry.}) 20. dxc5 $1 $40 {[%mdl 128] White attacks with force.} Rxc5 (20... bxc5 {is a better defense.} 21. Nc6 Rxc6 22. Bxf6 g6) 21. Rxc5 bxc5 {[#]} (21... Bxc5 $142 22. Ng4 Ne4) 22. Nc6 $1 {[%mdl 512] White threatens Bxf6 and mate.} Bxc6 (22... Bc8 23. Qxc8) 23. Bxf6 {[%csl Gd3][%cal Rf5h7] White mates.} g6 24. hxg6 fxg6 25. Qe6+ Rf7 {[#]} 26. Rxh7 $3 {[%mdl 512] Weighted Error Value: White=0.08 (flawless) /Black=0.71} 1-0

[Event "VIII Iberoamericano Mexico 2022"]
[Site "Mexico City"]
[Date "2022.02.19"]
[Round "9.2"]
[White "Obregon Rivero, Juan Carlos"]
[Black "Vazquez, Guillermo"]
[Result "1/2-1/2"]
[WhiteElo "2536"]
[BlackElo "2545"]
[Annotator "ChessBase"]
[PlyCount "76"]
[EventDate "2022.02.12"]
[EventType "swiss"]
[EventCountry "MEX"]
[SourceTitle "playchess.com"]
[Source "ChessBase"]
[SourceQuality "1"]
[TimeControl "5400+30"]

1. e4 {[%emt 0:00:06]} c6 {[%emt 0:00:37]} 2. d4 {[%emt 0:00:22]} d5 {[%emt 0:00:07]} 3. e5 {[%emt 0:00:21]} Bf5 {[%emt 0:01:19]} 4. h4 {[%emt 0:00:48]} h5 {[%emt 0:00:44]} 5. c4 {[%emt 0:00:29]} e6 {[%emt 0:00:10]} 6. Nc3 {[%emt 0:00:10]} dxc4 {[%emt 0:01:43]} 7. Bxc4 {[%emt 0:00:08]} Nd7 {[%emt 0:00:09]} 8. Nge2 {[%emt 0:01:09]} Be7 {[%emt 0:00:36]} 9. Ng3 {[%emt 0:02:27]} Bg6 {[%emt 0:00:45]} 10. Nge4 {[%emt 0:07:42]} Nb6 {[%emt 0:03:09]} 11. Bb3 {[%emt 0:03:39]} Nh6 {[%emt 0:00:27]} 12. Bg5 {[%emt 0:11:47]} Bxe4 {[%emt 0:03:58]} 13. Nxe4 {[%emt 0:00:24]} Nf5 {[%emt 0:00:10]} 14. O-O {[%emt 0:17:30]} Qxd4 {[%emt 0:10:29]} 15. Qf3 {[%emt 0:00:53]} Nd5 {[%emt 0:05:52]} 16. Rad1 {[%emt 0:06:39]} Qxe5 {[%emt 0:01:40]} 17. Rfe1 {[%emt 0:00:02]} Nd4 {[%emt 0:13:32]} 18. Qd3 {[%emt 0:13:27]} Nxb3 {[%emt 0:01:36]} 19. Bxe7 {[%emt 0:00:28]} Kxe7 {[%emt 0:01:28]} 20. Qxb3 {[%emt 0:00:27]} Qc7 {[%emt 0:05:22]} 21. Qa3+ {[%emt 0:00:21]} Ke8 {[%emt 0:00:14]} 22. Nd6+ {[%emt 0:02:45]} Kf8 {[%emt 0:47:23]} 23. Nxb7+ {[%emt 0:11:24]} Qe7 {[%emt 0:00:00]} 24. Nc5 {[%emt 0:00:06]} Kg8 {[%emt 0:00:00]} 25. Rc1 {[%emt 0:02:21]} Qxh4 {[%emt 0:00:00]} 26. Ne4 {[%emt 0:00:07]} Rh6 {[%emt 0:00:00]} 27. Rxc6 {[%emt 0:00:47]} Qg4 {[%emt 0:00:00]} 28. Rc4 {[%emt 0:03:15]} Nf4 {[%emt 0:00:00]} 29. g3 {[%emt 0:00:41]} h4 {[%emt 0:00:00]} 30. f3 {[%emt 0:01:23]} Qg6 {[%emt 0:00:00]} 31. g4 {[%emt 0:00:30]} e5 {[%emt 0:00:00]} 32. Qc3 {[%emt 0:03:20]} Qb6+ {[%emt 0:00:00]} 33. Kh1 {[%emt 0:00:12]} Re6 {[%emt 0:00:00]} 34. Rc8+ {[%emt 0:01:47]} Re8 {[%emt 0:00:00]} 35. Rxa8 {[%emt 0:00:13]} Rxa8 {[%emt 0:00:00]} 36. Qxe5 {[%emt 0:00:33]} Nd3 {[%emt 0:00:00]} 37. Qd5 {[%emt 0:00:13]} Rd8 {[%emt 0:00:00]} 38. Nd6 {[%emt 0:01:36]} Nxe1 {[%emt 0:00:00]} 1/2-1/2

[Event "VIII Iberoamericano Mexico 2022"]
[Site "Mexico City"]
[Date "2022.02.19"]
[Round "9.3"]
[White "Mareco, Sandro"]
[Black "Almeida Quintana, Omar"]
[Result "1-0"]
[WhiteElo "2643"]
[BlackElo "2535"]
[Annotator "TA"]
[PlyCount "66"]
[EventDate "2022.02.12"]
[EventType "swiss"]
[EventCountry "MEX"]
[SourceTitle "playchess.com"]
[Source "ChessBase"]
[SourceQuality "1"]

{[%evp 9,66,9,8,0,53,36,47,60,47,33,32,29,40,0,6,14,18,0,20,-57,-54,-46,-53,-50,-24,-25,39,0,31,-43,16,13,16,4,47,34,38,16,92,46,87,78,81,39,98,82,102,90,105,118,628,604,640,570,556,570,654,654,617]} 1. e4 d6 2. d4 Nf6 3. Nc3 e5 4. Nf3 Nbd7 5. Rg1 c6 6. g4 {[%cal Bg2g4,Bg4g5][%mdl 32] C41: Philidor Defence.} g6 (6... Qa5 $11) 7. Be3 b5 8. a3 {[#] White is slightly better.} a6 $146 ({Predecessor:} 8... Bb7 9. g5 Nh5 10. Qd2 Qc7 11. O-O-O Be7 12. Be2 Ng7 13. h4 a6 14. Rh1 O-O-O {½-½ (60) Camacho Collados,M (2409)-Movsziszian,K (2502) Ibiza 2021}) 9. g5 Nh5 10. Qd2 Be7 11. Ne2 Qc7 12. Ng3 Nxg3 13. hxg3 Bb7 14. c4 (14. O-O-O $11) 14... exd4 $15 15. Qxd4 O-O 16. Qc3 Nc5 17. Nd2 Rfe8 (17... d5 $11) 18. f4 (18. Bxc5 $5 dxc5 19. f4 $11) 18... Rad8 (18... Na4 $5 {[%cal Ra4c3]} 19. Qc2 Qd7 $14) 19. Rc1 ({White should try} 19. Bxc5 $14 dxc5 20. Be2) 19... Bf8 (19... Ne6 $1 $15) 20. Bxc5 $11 dxc5 21. e5 Rd4 (21... h5 $11 {feels stronger.}) 22. Nb3 Rdd8 23. Be2 Qe7 (23... h6 $11 {remains equal.}) 24. Rh1 ({Better is} 24. Nd2 $16) 24... h6 (24... Bc8 $14) 25. gxh6 $16 f6 {[%cal Rf6e5]} 26. Qc2 (26. Nd2 $16) 26... fxe5 (26... Qf7 $14) 27. Qxg6+ Kh8 {[#] Hoping for ...exf4.} 28. f5 $36 {[%mdl 2048] Keeping Black busy. White is much more active.} ({Much worse is} 28. h7 $6 Bg7 29. f5 e4 $11) 28... Rd6 29. Qg4 {Chess con chili.} Rxh6 $2 {[%mdl 8192] Loses the game.} (29... e4 $16) 30. Rxh6+ $18 {White is clearly winning.} Bxh6 31. Qh5 Qf8 32. g4 {[%cal Bg3g4,Bg4g5][%mdl 32]} Re7 33. g5 Qxf5 {Weighted Error Value: White=0.18 (very precise) /Black=0.54} 1-0

[Event "VIII Iberoamericano Mexico 2022"]
[Site "Mexico City"]
[Date "2022.02.19"]
[Round "9.4"]
[White "Cordova, Emilio"]
[Black "Alonso Rosell, Alvar"]
[Result "1-0"]
[WhiteElo "2534"]
[BlackElo "2570"]
[Annotator "TA"]
[PlyCount "67"]
[EventDate "2022.02.12"]
[EventType "swiss"]
[EventCountry "MEX"]
[SourceTitle "playchess.com"]
[Source "ChessBase"]
[SourceQuality "1"]

{[%evp 9,67,23,37,36,33,35,42,29,29,20,26,8,58,74,34,18,37,20,26,16,258,277,277,235,194,268,215,209,214,216,213,224,313,295,415,154,973,941,889,836,821,614,29983,29984,29984,29985,29985,29983,29983,29968,29972,29973,29972,29973,29972,29972,29970,29970,5414,5405]} 1. Nf3 e6 2. g3 b5 3. Bg2 Bb7 4. O-O a5 {[#]} 5. Re1 $146 ({Predecessor:} 5. d4 c5 6. c3 c4 7. b3 d5 8. bxc4 dxc4 9. Na3 Qb6 10. Rb1 Bxa3 11. Bxa3 Na6 {½-½ (84) Kucera,J-Slechta,J (1730) Prague 2010}) 5... Be7 6. e4 {A04: Unusual lines after 1 Nf3 and King's Indian Attack.} d6 7. d4 Nf6 8. Nbd2 {White is slightly better.} (8. d5 $5) 8... Nbd7 9. a4 b4 10. c4 bxc3 (10... e5 $1 $11) 11. bxc3 $14 c5 12. Nh4 {[%cal Bf3h4,Bh4f5,Bf5g7][%mdl 32] Strongly threatening Rb1.} cxd4 13. e5 Nd5 14. Nf5 $1 dxc3 $2 (14... exf5 $2 15. Bxd5 (15. exd6 Nxc3 16. Qh5 Nf6 $16) 15... dxe5 16. Bxb7 $18) (14... Nxe5 $11 {and Black stays safe.} 15. Nxg7+ Kd7 16. cxd4 Nd3) 15. Nxg7+ $18 Kf8 16. Nc4 h5 17. Nxh5 {Black must now prevent Qg4.} Nxe5 18. Nxe5 dxe5 19. Qg4 Ke8 20. Rxe5 Qc7 21. Ng7+ Kf8 {[#]} (21... Kd8 {was called for.} 22. Nxe6+ fxe6 23. Qxe6 Qd6) 22. Rxe6 $2 (22. Nxe6+ $1 $18 {[%mdl 512] and the rest is easy.} fxe6 23. Rxe6) 22... Nf6 $2 {[#] This costs Black the game.} (22... Qd7 $16 23. Qf5 (23. Nf5 Qxe6 24. Qg7+ Ke8 $14) 23... Rd8) 23. Rxf6 $1 {[%mdl 512]} Bxf6 24. Ba3+ Be7 25. Nf5 Bxa3 26. Qg7+ ({And not} 26. Rxa3 Rh7 27. Bxb7 {[#]} c2 $1 $17 {[%mdl 512]}) 26... Ke8 27. Qxh8+ Kd7 28. Qd4+ Kc8 29. Bxb7+ Kxb7 30. Rxa3 c2 31. Rb3+ Ka6 32. Qd3+ Ka7 33. Qe3+ Ka6 34. Rc3 {Weighted Error Value: White=0.16 (very precise) /Black=0.53} 1-0